000 00750nam a2200253 a 4500
001 BRL_1943
005 20190320211439.0
008 010915s1952----nyuo######---#000-0#eng-#
041 _aeng
044 _anyu
050 4 _aND25
_b.T37 9 1952
100 1 _aLassaigne, Jacques
_d1911-1983
_928284
245 1 0 _aDufy
_bbiographical and critical studies
_cBy Jacques Lassaigne ; Translated by James Emmons.
260 _aNew York
_bSkira
_c[1952]
300 _a119 p.
_bil.
_c19 cm.
440 0 _aThe taste of our time
_v9
_920301
500 _aAu722
500 _aIncluye índice de nombres
504 _aBibliografía: p. 109-112
600 1 4 _aDufy, Raoul
_d1877-1953
_916535
700 1 _aEmmons, James
_923424
902 _aGRL
942 _2lcc
_cB
999 _c10750
_d10750